Statistics for World Capitals That Start With A Vowel

Click here to take the quiz!

General Stats

  • This quiz has been taken 461 times
  • The average score is 15 of 20

Answer Stats

Answer% Correct
Oslo
87%
Ottawa
82%
Ankara
81%
Accra
80%
Ulaanbaatar
80%
Islamabad
79%
Abuja
78%
Athens
78%
Addis Ababa
76%
Amman
74%
Amsterdam
73%
Andorra la Vella
73%
Antananarivo
73%
Apia
73%
Asmara
73%
Algiers
72%
Asuncion
71%
Abu Dhabi
70%
Ouagadougou
70%
Ashgabat
68%

Score Distribution

Percentile by Number Answered

Percent of People with Each Score

Your Score History

You have not taken this quiz